Statistics for Let it go lyrics

Click here to take the quiz!

General Stats

  • This quiz has been taken 1,109 times
  • The average score is 27 of 43

Answer Stats

HintAnswer% Correct
and it looks like I'm the ______queen
96%
The snow glows white on the mountain ____tonight
95%
not a _____ to be seenfootprint
91%
a kingdom of _____isolation
91%
let it go, _ _ _let it go
89%
let it go, _ _ _let it go
89%
_ _ _, let it golet it go
89%
well, now they _____know
88%
can't hold it back _____anymore
87%
be the ______ you always have to begood girl
87%
couldn't keep it in, ____ knows I triedheaven
86%
let the _____ rage onstorm
85%
let the ______ rage onstorm
85%
turn away and _______slam the door
80%
I don't care what they're _______going to say
79%
Don't let them in, don't _____let them see
77%
_________________the cold never bothered me anyway
74%
_____, don't feel, don't let them knowconceal
73%
makes everything seem ___small
71%
and the fears that once _______ mecontrolled
70%
I'm _____free
68%
it's _____ to see what I can dotime
68%
can't _____ at allget to me
67%
The wind is _____ like this _____ storm insidehowling swirling
67%
it's _____ how some ________funny distance
65%
let the storm _____rage on
60%
here I ____stand
60%
to __________ and break throughtest the limits
59%
let it go, let it go, you'll _________never see me cry
54%
I am one ____________with the wind and sky
52%
no _____, no ______, no rules for meright wrong
50%
here I ____ and here I'll ____stand stay
50%
the ______ never bothered me anywaycold
44%
into the _____ground
40%
My ____ flurries through the ___power air
37%
in the _____ of daylight
36%
I'm _________ backnever going
33%
the ____ is in the ____past
33%
let it go, let it go that _____ girl is goneperfect
32%
in _______ all aroundfrozen fractals
25%
my ____ is ______soul spiraling
20%
let it go, let it go and I'll _______rise like the break of dawn
16%
and one thought _____ like an _______crystallizes icy blast
12%

Score Distribution

Percentile by Number Answered

Percent of People with Each Score

Your Score History

You have not taken this quiz